|
|
|
|
| LEADER |
00000nam a2200000 a 4500 |
| 001 |
vtls001436365 |
| 003 |
SK-MaSNL |
| 005 |
20260302002017.0 |
| 008 |
240509s2001 xo a r slo |
| 015 |
|
|
|a SNBA2002/10-03296
|
| 020 |
|
|
|a 8096805797
|
| 035 |
|
|
|a SNK000391464
|
| 035 |
|
|
|a urn:nbn:sk:snk-amyh57
|
| 035 |
|
|
|a urn:nbn:sk:snk-am00ckrc
|
| 035 |
|
|
|a 7A63501B-FF80-449A-BDA0-8D2546E9B4CD
|
| 040 |
|
|
|a SNK
|b slo
|c SNK
|e AACR2
|
| 041 |
0 |
|
|a slo
|
| 044 |
|
|
|a xo
|c SK
|
| 080 |
|
|
|a 517.9(087.5)
|2 1981
|
| 100 |
1 |
|
|a Bezáková, Anna
|4 aut
|9 12703
|
| 245 |
1 |
0 |
|a Diferenciálne rovnice
|c Anna Bezáková
|
| 260 |
|
|
|a Bratislava
|b MAT-CENTRUM
|c c2001
|
| 300 |
|
|
|a 210 s.
|b grafy, ilustr., sch., tab.
|c 29 cm
|
| 650 |
0 |
7 |
|a diferenciálne rovnice
|2 SNK
|9 63334
|
| 655 |
|
7 |
|a Textbooks (higher)
|2 SNKPHeng
|9 276436
|
| 655 |
|
7 |
|a učebnice vysokých škôl
|2 SNKPH
|9 70191
|
| 655 |
|
7 |
|a učebnice
|2 SNK
|9 22521
|
| 919 |
|
|
|a 80-968057-9-7
|
| 958 |
|
|
|a TL
|
| 958 |
|
|
|a UV
|
| 958 |
|
|
|a OND
|
| 999 |
|
|
|c 986215
|d 988145
|
| 952 |
|
|
|t P60, <03>, [BOOK], {603}
|a SNK
|b SNK
|y PREZ
|7 0
|p 17A0348250
|o snkSB 65215
|i snkKSP 7974/2002
|0 0
|1 0
|4 0
|d 2002-06-18
|f 1
|l 0
|r 2017-06-30 00:00:00
|w 2026-02-24
|
| 952 |
|
|
|t P60, <04>, [BOOK], {604}
|a SNK
|b SNK
|y VYP
|7 0
|p 17A0348251
|o snkSB 65215 D1
|i snkKSP 7975/2002
|0 0
|1 0
|4 0
|d 2002-06-18
|l 0
|r 2005-01-02 00:00:00
|w 2026-02-24
|
| 952 |
|
|
|t P60, <04>, [BOOK], {604}
|a SNK
|b SNK
|y VYP
|7 0
|p 17A0348252
|o snkSB 65215 D2
|i snkKSP 7976/2002
|0 0
|1 0
|4 0
|d 2002-06-18
|l 0
|r 2005-01-02 00:00:00
|w 2026-02-24
|